Genome editing in plants: Principles and applications (Record no. 75111)

MARC details
000 -LEADER
fixed length control field 00388nam a22001337a 4500
020 ## - INTERNATIONAL STANDARD BOOK NUMBER
ISBN 978-0-367-41590-7
082 ## - DEWEY DECIMAL CLASSIFICATION NUMBER
Classification number 577.21
Item number GUP
100 ## - MAIN ENTRY--AUTHOR NAME
Personal name GUPTA, Om Prakash, Ed
-- karkute, Suhas Gorakh, Ed
245 ## - TITLE STATEMENT
Title Genome editing in plants: Principles and applications
260 ## - PUBLICATION, DISTRIBUTION, ETC. (IMPRINT)
Place of publication Florida
Name of publisher CRC Press
Year of publication 2022
300 ## - PHYSICAL DESCRIPTION
Number of Pages 249p.
650 ## - SUBJECT ADDED ENTRY--TOPICAL TERM
Topical Term Genome editing
-- Plant genome
-- CRISPrY
942 ## - ADDED ENTRY ELEMENTS (KOHA)
Koha item type Books
Holdings
Withdrawn status Lost status Damaged status Not for loan Home library Current library Date acquired Source of acquisition Full call number Accession Number Koha item type
        RRII Library RRII Library 11/11/2023 Techniz Books Internations, New Delhi, Inv No INT/232410300 dated 01.11.2023 for Rs 7,122/- 577.21 GUP 23617 Books